History of Tamil language and literature (Record no. 414133)

MARC details
000 -LEADER
fixed length control field 00733nam a2200241Ia 4500
003 - CONTROL NUMBER IDENTIFIER
control field OSt
005 - DATE AND TIME OF LATEST TRANSACTION
control field 20220924123042.0
008 - FIXED-LENGTH DATA ELEMENTS--GENERAL INFORMATION
fixed length control field 220923b |||||||| |||| 00| 0 tam d
037 ## - SOURCE OF ACQUISITION
Terms of availability Textual
040 ## - CATALOGING SOURCE
Original cataloging agency ARTS
Transcribing agency ARTS
Language of cataloging tam
041 ## - LANGUAGE CODE
Source of code tam
Language code of text/sound track or separate title tam
100 ## - MAIN ENTRY--PERSONAL NAME
Personal name Vaiyapuri Pillai
9 (RLIN) 191534
245 #0 - TITLE STATEMENT
Title History of Tamil language and literature
Remainder of title From the beginning to 1000 A D ed by Karthigesu Sivathamby
260 ## - PUBLICATION, DISTRIBUTION, ETC.
Place of publication, distribution, etc. Madras
Name of publisher, distributor, etc. Newcentury Book House
Date of publication, distribution, etc. 1956
300 ## - PHYSICAL DESCRIPTION
Extent xii, 154p.
Dimensions cm.
650 ## - SUBJECT ADDED ENTRY--TOPICAL TERM
Topical term or geographic name entry element TAMIL LITERATURE
942 ## - ADDED ENTRY ELEMENTS (KOHA)
Classification part O31v, 111J6;M8
Koha item type Textual
Source of classification or shelving scheme Colon Classification (CC)
Holdings
Withdrawn status Lost status Damaged status Not for loan Home library Current library Date acquired Total Checkouts Full call number Barcode Date last seen Price effective from Koha item type Public note
        Arts Library Arts Library 2022-09-24   O31v 111J6;M8 AL1062160 2022-09-24 2022-09-24 Textual Translated from Tamil to English
Copyright @ Delhi University Library System